000 01234cam a22003737a 4500
003 CHAP
005 20220817041339.0
008 971013s1985 r 00010 d
010 _a11823
011 _a12795
035 _a16476
040 _cCHAP
090 _aFolleto 9465
110 2 _aFAO
245 1 0 _aDirectrices económicas para la lucha contra las plagas en la agricultura
260 _aRoma :
_bFAO,
_c1985
300 _a94 p.
490 0 _aFAO. Producción y protección vegetal
_v; 58
590 _aBATCH-UPD
_b10
_c20130110
_lUCH01
_h1315
590 _aBATCH-UPD
_b10
_c20130410
_lUCH01
_h0827
590 _aBATCH-UPD
_b10
_c20130914
_lUCH01
_h0845
590 _aCONVERSION
_b10
_c20130109
_lUCH01
_h1308
650 1 4 _aAgricultura
_xAspectos económicos.
650 1 4 _aControl de plagas.
_927595
700 0 _aCarlson, Gerald A.
_918996
700 0 _aNorton, G. A.
_981833
700 0 _aReichelderfer, K. H.
_995728
830 0 _aFAO. Producción y protección vegetal
_v; 58
_939654
901 _aBK
942 _cFOLL
949 _aFolleto 9465
_bBC
_cFAO
_d-144527
_eFAO1
_i16476
_si
949 _aFolleto 9465
_bBC
_cFAO
_d-146913
_eFAO2
_fc.2
_i16476
_si
949 _aFolleto 9465
_bBC
_cFAO
_d-146914
_eFAO2
_fc.3
_i16476
_si
999 _c11823
_d11823